La metafísca del amor
Uloženo v:
| Hlavní autor: | |
|---|---|
| Médium: | Kniha |
| Jazyk: | španělština |
| Vydáno: |
Madrid
Rialp
1964
|
| Edice: | Naturaleza e Historia, 9
|
| Témata: | |
| Tagy: |
Přidat tag
Žádné tagy, Buďte první, kdo vytvoří štítek k tomuto záznamu!
|
MARC
| LEADER | 00000nam a2200000 a 4500 | ||
|---|---|---|---|
| 001 | UCU2417 | ||
| 003 | CL-VaPUC | ||
| 005 | 20221118162448.0 | ||
| 008 | 960426e19640000SP |||||||||||||||||spa|d | ||
| 999 | |c 246714 |d 246712 | ||
| 040 | |c Pontificia Universidad Católica de Valparaíso | ||
| 082 | 0 | 4 | |a 177.7 |b WIL |2 21 |
| 100 | 0 | |a Wilhelmsen, Frederick D |e author |9 358547 | |
| 245 | 1 | 3 | |a La metafísca del amor |
| 260 | |a Madrid |b Rialp |c 1964 | ||
| 300 | |a 179 p | ||
| 490 | 0 | |a Naturaleza e Historia, 9 | |
| 583 | |a last modification |c 19960426 00:00:00 |k Rodrigo Vera | ||
| 600 | 0 | |a Ortega y Gasset, José, |d 1883-1955 |9 551380 | |
| 600 | 0 | 7 | |a ZUBIRI, XAVIER |2 CL-VaPUC |9 216 |
| 650 | 0 | |a Filosofía española |9 254895 | |
| 650 | 0 | |a Amor |9 257817 | |
| 942 | |c BK |2 ddc | ||
| 945 | |d 19960426 00:00:00 |a rleighto | ||
| 952 | |0 0 |1 0 |4 0 |6 177_700000000000000_WIL_1964 |7 0 |8 P |9 261903 |a BIBEDU |b BIBEDU |c BIBEDU_PB |d 2019-11-19 |i 3123340 |o 177.7 WIL 1964 |p 3123340 |r 2024-01-25 |w 2019-11-19 |y BK |k FIL | ||